El libro de Microsoft Visual Basic.NET (Registro nro. 2055)
[ vista simple ]
| 000 -CABECERA | |
|---|---|
| campo de control de longitud fija | 01898aam a2200625 4500 |
| 005 - FECHA Y HORA DE ACTUALIZACIÓN | |
| campo de control | 20230712120707.0 |
| 008 - LONGITUD FIJA | |
| campo de control de longitud fija | 150722b2002 xxu||||| |||| 00| 0 spa d |
| 041 ## - IDIOMA | |
| Código de idioma del texto/pista de sonido o título separado | Español |
| 082 ## - CLASIFICACIÓN DECIMAL DEWEY | |
| Número de clasificación | 005.262 E93l |
| 100 ## - AUTOR PERSONAL | |
| Nombre de persona | Evjen, Bill |
| 100 ## - AUTOR PERSONAL | |
| Nombre de persona | Beres, Jason |
| 245 ## - TÍTULO PROPIAMENTE DICHO | |
| Título | El libro de Microsoft Visual Basic.NET |
| 260 ## - PIE DE IMPRENTA | |
| Lugar de publicación, distribución, etc. | Español |
| Nombre del editor, distribuidor, etc. | ANAYA |
| Fecha de publicación, distribución, etc. | 2002 |
| 300 ## - DESCRIPCIÓN FÍSICA | |
| Extensión | 1181 páginas |
| 505 ## - Nota de Contenido | |
| Nota de contenido | Contiene disco compacto N° 362 |
| 505 ## - Nota de Contenido | |
| Nota de contenido | Disco compacto contiene ejemplos del libro y código fuente descrito en el libro. |
| 650 ## - Materia General | |
| Materia general | LENGUAJES DE PROGRAMACIÓN |
| 650 ## - Materia General | |
| Materia general | VISUAL BASIC.NET |
| 650 ## - Materia General | |
| Materia general | VISUAL BASIC 6 |
| 650 ## - Materia General | |
| Materia general | PROGRAMACIÓN ORIENTADA A OBJETOS |
| 650 ## - Materia General | |
| Materia general | WINDOWS FORMS |
| 650 ## - Materia General | |
| Materia general | TIPOS DE DATOS |
| 650 ## - Materia General | |
| Materia general | VARIABLES |
| 650 ## - Materia General | |
| Materia general | OPERADORES |
| 650 ## - Materia General | |
| Materia general | MATRICES |
| 650 ## - Materia General | |
| Materia general | LÓGICA CONDICIONAL |
| 650 ## - Materia General | |
| Materia general | PROCEDIMIENTOS |
| 650 ## - Materia General | |
| Materia general | DATEANDTIME |
| 650 ## - Materia General | |
| Materia general | CUADROS DE DIÁLOGO |
| 650 ## - Materia General | |
| Materia general | ARCHIVOS |
| 650 ## - Materia General | |
| Materia general | ENTRADA DE DATOS |
| 650 ## - Materia General | |
| Materia general | SALIDA DE DATOS |
| 650 ## - Materia General | |
| Materia general | DICTIONARY |
| 650 ## - Materia General | |
| Materia general | CLASES |
| 650 ## - Materia General | |
| Materia general | ERRORES DE LA PROGRAMACIÓN |
| 650 ## - Materia General | |
| Materia general | PROCESOS MULTIHILOS |
| 650 ## - Materia General | |
| Materia general | COM |
| 650 ## - Materia General | |
| Materia general | MSMQ |
| 650 ## - Materia General | |
| Materia general | VISUAL STUDIO.NET |
| 650 ## - Materia General | |
| Materia general | INTERFACES |
| 650 ## - Materia General | |
| Materia general | DEPURACIÓN |
| 650 ## - Materia General | |
| Materia general | COMPILACIÓN |
| 650 ## - Materia General | |
| Materia general | ACCESO A DATOS |
| 650 ## - Materia General | |
| Materia general | ADO.NET |
| 650 ## - Materia General | |
| Materia general | XML |
| 650 ## - Materia General | |
| Materia general | FORMULARIOS |
| 650 ## - Materia General | |
| Materia general | CONTROLES |
| 650 ## - Materia General | |
| Materia general | PÁGINAS WEB |
| 650 ## - Materia General | |
| Materia general | ASP.NET |
| 650 ## - Materia General | |
| Materia general | SERVIDOR HTML |
| 650 ## - Materia General | |
| Materia general | SERVICIOS WEB |
| 650 ## - Materia General | |
| Materia general | SEGURIDAD |
| 650 ## - Materia General | |
| Materia general | SOAP |
| 942 ## - Punto de Acceso Adicional Koha | |
| Tipo de ítem Koha | Libro |
| Estado perdido | Estado dañado | No para préstamo | Biblioteca permanente | Biblioteca actual | Signatura completa | Código de barras | Precio efectivo a partir del | Tipo de ítem | Estado retirado | Fuente de clasificación o esquema de estantería |
|---|---|---|---|---|---|---|---|---|---|---|
| Departamento de Biblioteca y Documentación Alfonso Chase Brenes | Departamento de Biblioteca y Documentación Alfonso Chase Brenes | 005.262 E93l | 11626 | 01/09/2016 | Libro | |||||
| Dañado | Departamento de Biblioteca y Documentación Alfonso Chase Brenes | Departamento de Biblioteca y Documentación Alfonso Chase Brenes | 362 DC | 362DC | 10/10/2019 | Disco Compacto | Retirado | Dewey Decimal Classification |